| 000 | 00360nam a2200133Ia 4500 | ||
|---|---|---|---|
| 008 | 210430s9999 xx 000 0 und d | ||
| 020 | _a0-07-033484-6 | ||
| 082 | _a515.63 K231 T | ||
| 100 |
_aDavid C.Kay _954220 |
||
| 245 |
_aTensor Calculus / _cDavid C.Kay _bSchaum's outlines |
||
| 260 |
_aNew york _bMcGraw-Hill _c1988 |
||
| 300 | _a228p | ||
| 942 |
_cBK _2ddc |
||
| 999 |
_c564706 _d564706 |
||